000 00340nam a2200145Ia 4500
008 230917s9999||||xx |||||||||||||| ||und||
040 _e153553
_aMAIN
041 _aEnglish
082 _a294.12 S24R
100 _aKumar Krishan
245 0 _aRik sukt sangrah
260 _aMerath
_bSahitya Bhandar
_c1995
300 _a318 p.
942 _cBK
999 _c83588
_d83588